| 000 | 00758nam a22002177a 4500 | ||
|---|---|---|---|
| 005 | 20111223102115.0 | ||
| 008 | 111223t xxu||||| |||| 00| 0 eng d | ||
| 010 | _aENG-104448 | ||
| 020 |
_a9788178331249 _c1675.00 |
||
| 035 | _aEN-87981 | ||
| 037 | _bDBAD/PUB | ||
| 040 |
_aDPL _bEng |
||
| 082 | _a620.5 | ||
| 100 |
_937371 _aPanda,H. |
||
| 245 | 0 | 0 |
_aNanotechnology handbook / _b _cby H. Panda |
| 260 |
_aDelhi _bAsia Pacific Business Press _c(201?) |
||
| 270 |
_a106-E, Kamla Nagar, _b Delhi _e110007 |
||
| 300 |
_a672p. _c22cm (pbk) |
||
| 942 |
_2ddc _cEN _mPAN _h620.5 |
||
| 999 |
_c59918 _d59918 |
||